| 000 | 00946nam a2200301Ia 4500 | ||
|---|---|---|---|
| 003 | OSt | ||
| 005 | 20221007121006.0 | ||
| 006 | a|||||r|||| 00| 0 | ||
| 007 | ta | ||
| 008 | 221006b |||||||| |||| 00| 0 eng d | ||
| 020 | _a9781578082650 (hbd) | ||
| 024 | _a84759 | ||
| 037 |
_b054, 18/08/2009, N R Book Distributors _cTextbook |
||
| 040 |
_aBDL _cBDL _beng |
||
| 041 |
_2eng _aeng |
||
| 082 | _aI9B,5, P9.3 Carb | ||
| 100 |
_aBatygina T B Ed. _9710431 |
||
| 245 | 0 | _aEmbryology of flowering plants:terminology and concepts | |
| 260 |
_aEnfield _bScience Publishers _c2009 |
||
| 300 |
_axxi, 576p. _ccm. |
||
| 490 | _vV.3. | ||
| 500 | _aReferences 381-498p.; Index 569-570p. | ||
| 650 |
_a Embryology _9708439 |
||
| 650 |
_a Flowering plants _9710132 |
||
| 650 | _aBotany | ||
| 942 |
_hI9B,5, P9.3 Carb _cTB _2CC |
||
| 999 |
_c1208293 _d1208293 |
||